| 000 | 00697nam a2200265Ia 4500 | ||
|---|---|---|---|
| 003 | OSt | ||
| 005 | 20221007075856.0 | ||
| 006 | a|||||r|||| 00| 0 | ||
| 007 | ta | ||
| 008 | 221006b |||||||| |||| 00| 0 eng d | ||
| 020 | _a0876923988 | ||
| 024 | _a4,774 | ||
| 037 | _cTextual | ||
| 040 |
_aFLL _cFLL _beng |
||
| 041 |
_2eng _aeng |
||
| 082 | _aV2:2:Z, M5 | ||
| 100 | _aBasu Durga Das Au. | ||
| 245 | 0 | _aConstitutional law of India | |
| 250 | _a4th | ||
| 260 |
_aNew Delhi _bPrentice Hall of India India _c1985 |
||
| 300 |
_axlii,492p _ccm. |
||
| 650 |
_aConstitutional law _9681314 |
||
| 942 |
_hV2:2:Z, M5 _cTEXL _2CC |
||
| 999 |
_c1157679 _d1157679 |
||